[Event "Mittelfr. Einzelmeisterschaft 2012"]
[Site "Weißenburg"]
[Date "2012.04.02"]
[Round "1.1"]
[White "Stiller, Jürgen"]
[Black "Babichev, Vyacheslav"]
[Result "1-0"]
[WhiteElo "2200"]
[BlackElo "1765"]
[PlyCount "79"]
[EventDate "2012.??.??"]
[WhiteTeam "Nürnberg Süd SW"]
[BlackTeam "Nürnberg Süd SW"]

1. d4 Nf6 2. Bg5 e6 3. e3 Be7 4. Nd2 h6 5. Bh4 d6 6. Ngf3 b6 7. Be2 Bb7 8. O-O
g5 9. Bg3 Nh5 10. Ne1 Nxg3 11. fxg3 Nd7 12. Nd3 Nf6 13. Bf3 Qc8 14. e4 Rh7 15.
e5 Nd5 16. Qe2 Bf8 17. Qe4 Rg7 18. Qe2 dxe5 19. dxe5 c6 20. c4 Ne7 21. Ne4 Nf5
22. Nf6+ Ke7 23. Be4 Nd4 24. Qf2 c5 25. Rae1 Bxe4 26. Rxe4 Qc6 27. b4 Rd8 28.
bxc5 bxc5 29. Rb1 Nf5 30. Nxc5 Rc8 31. Rb7+ Rc7 32. Rxc7+ Qxc7 33. Re1 Kd8 34.
Ncd7 Be7 35. Rd1 Kc8 36. g4 Nh4 37. Ne8 Bc5 38. Nxc5 Qxe5 39. Nxg7 Qxg7 40. Qd2
1-0

[Event "Mittelfr. Einzelmeisterschaft 2012"]
[Site "Weißenburg"]
[Date "2012.04.02"]
[Round "1.2"]
[White "Gajewski, Richard"]
[Black "Fischer, Gerd"]
[Result "0-1"]
[WhiteElo "1730"]
[BlackElo "2104"]
[PlyCount "78"]
[EventDate "2012.??.??"]
[WhiteTeam "Gunzenhausen FC"]
[BlackTeam "Gunzenhausen FC"]

1. e4 c5 2. c3 d5 3. exd5 Qxd5 4. Na3 e5 5. Qb3 Qxb3 6. axb3 Bd7 7. Bc4 Nc6 8.
Nf3 Be7 9. Nb5 Rc8 10. Bd5 a6 11. Bxc6 Rxc6 12. Na3 f6 13. Nc4 e4 14. Ng1 Nh6
15. f3 Bf5 16. fxe4 Bxe4 17. Ne3 f5 18. Ne2 Bh4+ 19. Kd1 Bf2 20. Ng3 Bd3 21.
Ne2 O-O 22. Rf1 Ng4 23. h3 Nxe3+ 24. dxe3 Bh4 25. Ra4 Bg5 26. Rf3 Rd6 27. Ke1
Be4 28. Rg3 Bh4 29. Rc4 Bxg3+ 30. Nxg3 Bxg2 31. Rxc5 Bxh3 32. Ne2 Bg2 33. b4
Be4 34. Nd4 h5 35. b5 h4 36. Kf2 Rg6 37. bxa6 bxa6 38. Nf3 h3 39. Rc4 Rg2+ 0-1

[Event "Mittelfr. Einzelmeisterschaft 2012"]
[Site "Weißenburg"]
[Date "2012.04.02"]
[Round "1.3"]
[White "Wittmann, Helmut"]
[Black "Hertlein, Stefan"]
[Result "1/2-1/2"]
[WhiteElo "2087"]
[BlackElo "1663"]
[PlyCount "116"]
[EventDate "2012.??.??"]
[WhiteTeam "Erlangen BSGW"]
[BlackTeam "Treuchtlingen SC"]

1. d4 d5 2. c4 c6 3. Nf3 e6 4. Nc3 Nf6 5. e3 Be7 6. b3 O-O 7. Bd3 Nbd7 8. O-O
b6 9. Bb2 Bb7 10. Ne5 c5 11. f4 cxd4 12. exd4 Rc8 13. Qe2 dxc4 14. bxc4 Nxe5
15. fxe5 Qxd4+ 16. Kh1 Qh4 17. Qe1 Ng4 18. Qxh4 Bxh4 19. Nd1 Bg5 20. Be2 Ne3
21. Nxe3 Bxe3 22. Rfd1 Rfd8 23. Ba3 Bd4 24. Be7 Rd7 25. Rab1 Rxe7 26. Rxd4 Bc6
27. Rb3 Rd7 28. Rd6 Rxd6 29. exd6 Rd8 30. Kg1 Rxd6 31. c5 Rd8 32. cxb6 axb6 33.
Rxb6 Bd5 34. a4 Kf8 35. Kf2 Ke7 36. Bf3 Bxf3 37. Kxf3 Rd3+ 38. Ke4 Ra3 39. Rb7+
Kf6 40. Rb4 Ra2 41. Kf3 g5 42. h4 h5 43. hxg5+ Kxg5 44. Rb5+ f5 45. a5 Ra3+ 46.
Kf2 Kg4 47. Re5 Ra2+ 48. Kg1 Kg3 49. Re3+ Kf4 50. Rxe6 Rxa5 51. Rh6 Kg5 52. Rh8
Kh4 53. Rf8 Kg3 54. Rg8+ Kf4 55. g3+ Kf3 56. Rg5 Ra1+ 57. Kh2 Ra2+ 58. Kh3 f4
1/2-1/2

[Event "Mittelfr. Einzelmeisterschaft 2012"]
[Site "Weißenburg"]
[Date "2012.04.02"]
[Round "1.4"]
[White "Schuster, Alfred"]
[Black "Beck, Karl"]
[Result "0-1"]
[WhiteElo "1636"]
[BlackElo "2012"]
[PlyCount "78"]
[EventDate "2012.??.??"]
[WhiteTeam "Treuchtlingen SC"]
[BlackTeam "Markt Berolzheim SC"]

1. e4 c5 2. Nf3 e6 3. Nc3 Nc6 4. Bc4 a6 5. a4 d6 6. O-O Nf6 7. Re1 Be7 8. d4
cxd4 9. Nxd4 O-O 10. Nxc6 bxc6 11. e5 dxe5 12. Qxd8 Rxd8 13. b3 Bb4 14. Bb2 e4
15. Re2 Bxc3 16. Bxc3 Nd5 17. Ba5 Rd7 18. Rxe4 Bb7 19. Rae1 c5 20. Re5 Kf8 21.
Bd3 Rc8 22. Bd2 Nb4 23. Bxb4 cxb4 24. f4 Rd4 25. f5 Bd5 26. fxe6 Bxe6 27. Bxa6
Rxc2 28. Bc4 Rdd2 29. R5e2 Rxe2 30. Rxe2 Rxe2 31. Bxe2 Bxb3 32. a5 Bd5 33. a6
b3 34. a7 Ke7 35. Kf2 b2 36. Bd3 Kd6 37. Bb1 Kc5 38. g3 Kb6 39. Ba2 Kxa7 0-1

[Event "Mittelfr. Einzelmeisterschaft 2012"]
[Site "Weißenburg"]
[Date "2012.04.02"]
[Round "1.5"]
[White "Kroneder, Christian"]
[Black "Pöschl, Herbert"]
[Result "1-0"]
[WhiteElo "2149"]
[BlackElo "1611"]
[PlyCount "93"]
[EventDate "2012.??.??"]
[WhiteTeam "Schwanstetten SK"]
[BlackTeam "Weißenburg TSV"]

1. d4 Nf6 2. c4 g6 3. Nc3 Bg7 4. e4 d6 5. Nf3 O-O 6. Be2 e5 7. O-O Nbd7 8. Be3
Re8 9. d5 b6 10. b4 a5 11. a3 Ng4 12. Bg5 f6 13. Bd2 Nf8 14. Qc1 f5 15. Bg5 Bf6
16. Bd2 f4 17. c5 bxc5 18. bxc5 Ba6 19. Nb5 Bxb5 20. Bxb5 Nd7 21. cxd6 cxd6 22.
Qc6 Nc5 23. Qxe8+ Qxe8 24. Bxe8 Rxe8 25. h3 Nh6 26. Rfe1 Nb3 27. Rab1 a4 28.
Bb4 Nf7 29. Nd2 Nd4 30. Nc4 Be7 31. Nb6 g5 32. Nxa4 Rc8 33. Kf1 h5 34. Rec1 Rf8
35. Rc7 Bd8 36. Rd7 Nb5 37. Nc3 Nd4 38. a4 g4 39. Bxd6 Nxd6 40. Rxd6 Ba5 41.
Nb5 Rc8 42. Nxd4 exd4 43. Rc6 Re8 44. f3 g3 45. Rb5 Bd2 46. Ke2 Bc3 47. d6 1-0

[Event "Mittelfr. Einzelmeisterschaft 2012"]
[Site "Weißenburg"]
[Date "2012.04.02"]
[Round "1.6"]
[White "Holland, Arthur"]
[Black "Bildt, Thomas"]
[Result "0-1"]
[WhiteElo "1839"]
[BlackElo "1994"]
[PlyCount "84"]
[EventDate "2012.??.??"]
[WhiteTeam "Spvg Zabo-Eintracht Nürnberg e.V"]
[BlackTeam "Zirndorf SK"]

1. e4 e5 2. Nf3 Nc6 3. Bb5 a6 4. Ba4 Nf6 5. O-O b5 6. Bb3 Be7 7. Re1 O-O 8. c3
d5 9. exd5 Nxd5 10. Nxe5 Nxe5 11. Rxe5 c6 12. d4 Bd6 13. Re1 Qh4 14. g3 Qh3 15.
Be3 Bg4 16. Qd3 f5 17. Qf1 Qh5 18. f4 Rae8 19. Nd2 g5 20. fxg5 Rxe3 21. Rxe3 f4
22. Rf3 Bxf3 23. Qxf3 Qxf3 24. Nxf3 fxg3 25. Rf1 gxh2+ 26. Kg2 Rf5 27. Re1 Kg7
28. Bxd5 cxd5 29. Nxh2 Rxg5+ 30. Kh1 Rh5 31. Re2 Kf6 32. Rf2+ Kg5 33. Kg1 Rxh2
34. Rxh2 Bxh2+ 35. Kxh2 Kf4 36. Kg2 Ke3 37. Kg3 h5 38. Kh4 Kd3 39. Kxh5 Kc2 40.
Kg4 Kxb2 41. Kf4 Kxc3 42. Ke5 Kc4 0-1

[Event "Mittelfr. Einzelmeisterschaft 2012"]
[Site "Weißenburg"]
[Date "2012.04.02"]
[Round "1.7"]
[White "Link, Andreas"]
[Black "Horndasch, Lulu"]
[Result "1-0"]
[WhiteElo "1968"]
[BlackElo "1573"]
[PlyCount "95"]
[EventDate "2012.??.??"]
[WhiteTeam "Nürnberg Zabo Spvg"]
[BlackTeam "Weißenburg TSV"]

1. e4 b6 2. d4 Bb7 3. Nc3 e6 4. Bd3 Nf6 5. Qe2 Bb4 6. Bd2 a5 7. Nf3 h6 8. a3
Be7 9. e5 Nd5 10. Ne4 g5 11. c4 Nf4 12. Bxf4 gxf4 13. Qd2 d5 14. cxd5 Bxd5 15.
Qxf4 Nd7 16. Rc1 Nf8 17. Bb5+ c6 18. Bxc6+ Bxc6 19. Rxc6 Ng6 20. Qe3 Nh4 21.
Nxh4 Bxh4 22. Nd6+ Kf8 23. O-O Be7 24. Rfc1 Bxd6 25. exd6 Qf6 26. Rxb6 Rg8 27.
g3 Rg5 28. Rc5 Rd5 29. Rxd5 exd5 30. Qe5 Kg7 31. d7 Qxe5 32. dxe5 h5 33. Rd6
Rd8 34. Rxd5 Kg6 35. f4 Kf5 36. b4 Ke4 37. Rd6 axb4 38. axb4 h4 39. Kf2 h3 40.
Ke2 f5 41. exf6 Ra8 42. d8=Q Ra2+ 43. Rd2 Rxd2+ 44. Qxd2 Kf5 45. f7 Kg4 46.
Qd7+ Kh5 47. Qf5+ Kh6 48. f8=B# 1-0

[Event "Mittelfr. Einzelmeisterschaft 2012"]
[Site "Weißenburg"]
[Date "2012.04.02"]
[Round "1.8"]
[White "Müller, Roland"]
[Black "Hein, Manfred"]
[Result "0-1"]
[WhiteElo "1837"]
[BlackElo "2087"]
[PlyCount "94"]
[EventDate "2012.??.??"]
[WhiteTeam "Lauf a.d.P. SV"]
[BlackTeam "Gunzenhausen FC"]

1. b3 e5 2. Bb2 Nc6 3. c4 Bc5 4. e3 Nf6 5. a3 a5 6. Qc2 O-O 7. d3 d5 8. cxd5
Qxd5 9. Nc3 Qd7 10. Be2 Rb8 11. Nb5 Bd6 12. Rc1 Qe7 13. Nc3 Nd8 14. a4 b6 15.
Ne4 Nxe4 16. dxe4 Be6 17. Nf3 f6 18. O-O Qf7 19. Nd2 Bc5 20. Bc4 g5 21. Bxe6
Qxe6 22. Qc4 Kf7 23. Qxe6+ Nxe6 24. Nc4 Rbd8 25. Rfd1 Bb4 26. Ba3 Bxa3 27. Nxa3
Nc5 28. Rd5 c6 29. Rdxc5 bxc5 30. Kf1 Rd3 31. Rxc5 Rxb3 32. Nc4 Rb4 33. Nxa5
Rxa4 34. Nxc6 Rxe4 35. Ke2 Ra4 36. Na5 Rb8 37. Nc4 Rbb4 38. Nd2 Rb2 39. Rd5
Raa2 40. e4 h5 41. h3 Ke6 42. f3 Rb6 43. Ke3 Rd6 44. Rxd6+ Kxd6 45. g3 Ra1 46.
Kf2 Ra2 47. Ke1 Kc5 0-1

[Event "Mittelfr. Einzelmeisterschaft 2012"]
[Site "Weißenburg"]
[Date "2012.04.02"]
[Round "1.9"]
[White "Bolten, Daniel"]
[Black "Andersen, Ernst"]
[Result "1-0"]
[WhiteElo "2028"]
[BlackElo "1530"]
[PlyCount "57"]
[EventDate "2012.??.??"]
[WhiteTeam "Nürnberg Süd SW"]
[BlackTeam "Roth PV"]

1. c4 e5 2. Nc3 c6 3. Nf3 d6 4. g3 Nf6 5. d3 Be7 6. Bg2 Qc7 7. O-O O-O 8. Ne1
Nbd7 9. Nc2 Re8 10. Rb1 Nf8 11. d4 Ng6 12. e4 Bd7 13. Ne3 exd4 14. Qxd4 Ng4 15.
Nf5 Bxf5 16. exf5 Bf6 17. Qxg4 Ne5 18. Qf4 Be7 19. Rd1 Rad8 20. b3 f6 21. Qd4
b6 22. Ba3 Kh8 23. Rbc1 Rd7 24. f4 c5 25. Qd5 Ng4 26. Re1 Qd8 27. Qe6 d5 28.
Nxd5 Rd6 29. Qe2 1-0

[Event "Mittelfr. Einzelmeisterschaft 2012"]
[Site "Weißenburg"]
[Date "2012.04.02"]
[Round "1.10"]
[White "Häßlein, Rainer"]
[Black "Gerl, Hans"]
[Result "0-1"]
[WhiteElo "1519"]
[BlackElo "2059"]
[PlyCount "68"]
[EventDate "2012.??.??"]
[WhiteTeam "Wolframs-Eschenbach"]
[BlackTeam "Zirndorf SK"]

1. e4 c5 2. c3 Nf6 3. e5 Nd5 4. Bc4 Nb6 5. Bb3 Nc6 6. Nf3 e6 7. d4 d5 8. h4 Be7
9. Bc2 Qc7 10. Be3 Nc4 11. Bc1 Bd7 12. b3 Nb6 13. Ng5 Bxg5 14. Bxg5 cxd4 15.
cxd4 Nxd4 16. Bxh7 Qxe5+ 17. Be3 Nxb3 18. Qxb3 Qxa1 19. O-O Qe5 20. Bd3 Rxh4
21. Rc1 d4 22. g3 dxe3 23. gxh4 exf2+ 24. Kf1 Qh2 25. Qb2 Qh3+ 26. Ke2 Nd5 27.
Qxg7 Qe3+ 28. Kf1 Qxc1+ 29. Kxf2 Qe3+ 30. Kg2 O-O-O 31. h5 Qxd3 32. h6 Qg6+ 33.
Qxg6 fxg6 34. Nd2 Rh8 0-1

[Event "Mittelfr. Einzelmeisterschaft 2012"]
[Site "Weißenburg"]
[Date "2012.04.02"]
[Round "1.11"]
[White "Vogt, Peter"]
[Black "Rebhann, Leo"]
[Result "1-0"]
[WhiteElo "1910"]
[BlackElo "1515"]
[PlyCount "165"]
[EventDate "2012.??.??"]
[WhiteTeam "Schwanstetten SK"]
[BlackTeam "Erlangen BSGW"]

1. e4 c5 2. Nf3 d6 3. d4 cxd4 4. Nxd4 Nf6 5. Nc3 a6 6. Be2 Nc6 7. O-O e6 8. Kh1
Be7 9. f4 O-O 10. Be3 Qc7 11. Qe1 Nxd4 12. Bxd4 e5 13. Be3 Be6 14. Qg3 Kh8 15.
Rae1 b5 16. a3 Qb8 17. fxe5 dxe5 18. Bg5 Qc7 19. Qh4 Ng8 20. Bd3 h6 21. Bxe7
Qxe7 22. Qg3 f6 23. Nd5 Qd8 24. Rf3 Ne7 25. Ne3 Qe8 26. c4 bxc4 27. Nxc4 Bxc4
28. Bxc4 Qb8 29. Rb3 Qc7 30. Qc3 Rfd8 31. Rc1 Qd6 32. h3 Qd4 33. Rb7 Qxc3 34.
Rxc3 Nc8 35. Bd5 Nd6 36. Rb6 Ra7 37. Rcc6 Nb5 38. Rxa6 Rxa6 39. Rxa6 Nc7 40.
Ra5 f5 41. Rc5 Nxd5 42. Rxd5 Re8 43. exf5 e4 44. Kg1 Kg8 45. a4 Kf7 46. g4 e3
47. Kf1 e2+ 48. Ke1 Re3 49. h4 Re4 50. Rd7+ Kf6 51. Rd6+ Kf7 52. g5 hxg5 53.
hxg5 Rxa4 54. g6+ Kf8 55. Rd8+ Ke7 56. Rg8 Kf6 57. Rf8+ Kg5 58. Rf7 Rf4 59.
Rxg7 Rxf5 60. Rg8 Rb5 61. g7 Kg6 62. Re8 Kxg7 63. Rxe2 Kf6 64. Kd1 Rc5 65. Kd2
Kf5 66. Kd3 Rc7 67. b4 Kf6 68. Kd4 Kf5 69. b5 Kf6 70. b6 Rc1 71. Kd5 Kf7 72. b7
Rb1 73. Kc6 Rc1+ 74. Kd7 Rb1 75. Kc8 Rc1+ 76. Kb8 Kf6 77. Ra2 Ke6 78. Ka7 Rc7
79. Kb6 Rc1 80. b8=Q Rb1+ 81. Kc7 Rc1+ 82. Kb7 Rb1+ 83. Ka8 1-0

[Event "Mittelfr. Einzelmeisterschaft 2012"]
[Site "Weißenburg"]
[Date "2012.04.02"]
[Round "1.12"]
[White "Bader, Norbert"]
[Black "Koch, Walter"]
[Result "0-1"]
[WhiteElo "1494"]
[BlackElo "1839"]
[PlyCount "112"]
[EventDate "2012.??.??"]
[WhiteTeam "Hersbruck SC"]
[BlackTeam "Cadolzburg TSV"]

1. d4 d5 2. Nc3 Nf6 3. e3 g6 4. Nf3 Bg7 5. Be2 O-O 6. O-O a6 7. Ng5 h6 8. Nf3
Re8 9. Ne5 Nbd7 10. f4 c5 11. Nxd7 Bxd7 12. Bf3 e6 13. a4 Rc8 14. Ne2 b5 15. c3
bxa4 16. b3 axb3 17. Qxb3 Bb5 18. Qc2 cxd4 19. exd4 Qb6 20. Qb2 Qc6 21. Be3 Rb8
22. Rfc1 Nd7 23. Qd2 Nb6 24. Ng3 Nc4 25. Qe1 Nxe3 26. Qxe3 Rec8 27. Be2 Rc7 28.
Bxb5 Rxb5 29. Ne2 a5 30. h3 Qc4 31. f5 exf5 32. Kh1 a4 33. Rc2 Bf8 34. h4 Re7
35. Qf3 Re4 36. g3 a3 37. Nf4 Bd6 38. Nd3 Qc7 39. Kg2 Rg4 40. Ne5 Bxe5 41. dxe5
Rb2 42. Rxb2 axb2 43. Rb1 Qb7 44. h5 Re4 45. Qf2 d4 46. Rxb2 Qd5 47. hxg6 Rf4+
48. Kg1 Rxf2 49. gxf7+ Kxf7 50. Rxf2 dxc3 51. Rxf5+ Ke6 52. Rf6+ Kxe5 53. Rxh6
Qd2 54. Rh5+ Kf6 55. g4 c2 56. Rf5+ Kg6 0-1

[Event "Mittelfr. Einzelmeisterschaft 2012"]
[Site "Weißenburg"]
[Date "2012.04.02"]
[Round "1.13"]
[White "Korth, Manfred"]
[Black "Trefflich, Marcus"]
[Result "1-0"]
[WhiteElo "1734"]
[BlackElo "1423"]
[PlyCount "69"]
[EventDate "2012.??.??"]
[WhiteTeam "Heideck-Hilpoltstein SC"]
[BlackTeam "Treuchtlingen SC"]

1. Nf3 d6 2. g3 e6 3. Bg2 g6 4. d3 Bg7 5. e4 Nd7 6. Nbd2 b6 7. Rb1 Ne7 8. b3
Bb7 9. Bb2 Bxb2 10. Rxb2 d5 11. O-O Nc5 12. Qe2 f5 13. exf5 Nxf5 14. Re1 Qf6
15. Rbb1 O-O-O 16. b4 Na4 17. Qxe6+ Qxe6 18. Rxe6 d4 19. Ng5 Bxg2 20. Kxg2 Nc3
21. Ra1 Rde8 22. Rxe8+ Rxe8 23. Nde4 a5 24. bxa5 bxa5 25. Nxc3 dxc3 26. Ne4 Nd4
27. Nxc3 Nxc2 28. Rc1 Nb4 29. Nb5 c6 30. Nd6+ Kd7 31. Nxe8 Kxe8 32. a3 Nxd3 33.
Rxc6 a4 34. Rc4 Nb2 35. Rb4 1-0

[Event "Mittelfr. Einzelmeisterschaft 2012"]
[Site "Weißenburg"]
[Date "2012.04.02"]
[Round "1.14"]
[White "Schuster, Erwin"]
[Black "Merz, Andreas"]
[Result "0-1"]
[WhiteElo "1282"]
[BlackElo "1804"]
[PlyCount "74"]
[EventDate "2012.??.??"]
[WhiteTeam "Treuchtlingen SC"]
[BlackTeam "Treuchtlingen SC"]

1. e4 e5 2. d4 exd4 3. c3 d5 4. exd5 Qxd5 5. cxd4 Nc6 6. Nf3 Bg4 7. Be2 Nf6 8.
Nc3 Bb4 9. a3 Bxc3+ 10. bxc3 Ne4 11. c4 Qa5+ 12. Bd2 Nxd2 13. Qxd2 Qxd2+ 14.
Kxd2 O-O-O 15. d5 Bxf3 16. Bxf3 Nd4 17. Bg4+ f5 18. Kd3 c5 19. Bd1 Rhe8 20. Ra2
Re4 21. f3 Re5 22. Ba4 f4 23. h4 Re3+ 24. Kd2 Re2+ 25. Kd3 Rxa2 26. Ke4 Rxa3
27. Bd1 Rf8 28. Ke5 Kd7 29. Re1 Re8+ 30. Kxf4 Rxe1 31. Kg5 Rxd1 32. h5 Rg1 33.
g4 Rxf3 34. h6 gxh6+ 35. Kxh6 Rxg4 36. Kh5 Rg1 37. Kh4 Nf5+ 0-1

[Event "Mittelfr. Einzelmeisterschaft 2012"]
[Site "Weißenburg"]
[Date "2012.04.02"]
[Round "2.1"]
[White "Gerl, Hans"]
[Black "Stiller, Jürgen"]
[Result "0-1"]
[WhiteElo "2059"]
[BlackElo "2200"]
[PlyCount "102"]
[EventDate "2012.??.??"]
[WhiteTeam "Zirndorf SK"]
[BlackTeam "Nürnberg Süd SW"]

1. d4 Nf6 2. c4 g6 3. Nc3 Bg7 4. e4 d6 5. Nf3 O-O 6. h3 e5 7. d5 a5 8. Be2 Na6
9. Be3 b6 10. a3 Nc5 11. Qc2 Nh5 12. g4 Nf4 13. O-O-O f5 14. gxf5 gxf5 15. Nd2
Qh4 16. Rdg1 Kh8 17. f3 Bh6 18. Nf1 Qe1+ 19. Qd1 Nxe2+ 20. Nxe2 Nd3+ 21. Kc2
Qxd1+ 22. Kxd1 Bxe3 23. Nxe3 Nf2+ 24. Ke1 Nxh1 25. Rxh1 fxe4 26. fxe4 Rf3 27.
Kd2 Bd7 28. h4 Raf8 29. Kd3 Rh3 30. Rxh3 Bxh3 31. b4 axb4 32. axb4 Bd7 33. Nc3
Rf4 34. c5 bxc5 35. bxc5 Bc8 36. cxd6 cxd6 37. Kc4 Kg7 38. Kb5 Kf7 39. Kc6 Ke7
40. Kc7 Rf3 41. Ncd1 Bd7 42. Nc4 Rd3 43. Nde3 Rc3 44. Kb6 h5 45. Kb7 Kd8 46.
Kb6 Rb3+ 47. Ka5 Kc7 48. Nc2 Rh3 49. Nb4 Bc8 50. Nc6 Rxh4 51. Ne7 Rxe4 0-1

[Event "Mittelfr. Einzelmeisterschaft 2012"]
[Site "Weißenburg"]
[Date "2012.04.02"]
[Round "2.2"]
[White "Fischer, Gerd"]
[Black "Bolten, Daniel"]
[Result "1-0"]
[WhiteElo "2104"]
[BlackElo "2028"]
[PlyCount "101"]
[EventDate "2012.??.??"]
[WhiteTeam "Gunzenhausen FC"]
[BlackTeam "Nürnberg Süd SW"]

1. e4 e6 2. Qe2 c5 3. g3 Nc6 4. Bg2 Nf6 5. d3 Be7 6. c3 d5 7. f4 dxe4 8. dxe4
e5 9. f5 Qc7 10. Nf3 Bd7 11. Na3 a6 12. Nc4 O-O-O 13. Ncxe5 Nxe5 14. Nxe5 Bb5
15. Nc4 Bxc4 16. Qxc4 Bd6 17. O-O Ng4 18. Qe2 h5 19. Bf4 Bxf4 20. gxf4 g5 21.
fxg6 fxg6 22. h3 Nf6 23. Rad1 Rxd1 24. Qxd1 Rd8 25. Qe2 c4 26. e5 Nd5 27. Qf2
Ne7 28. Qa7 Rd2 29. Qa8+ Qb8 30. Bxb7+ Kc7 31. Qxb8+ Kxb8 32. Bxa6 Rxb2 33.
Bxc4 Nf5 34. Rf3 h4 35. e6 Kc7 36. Rd3 Nd6 37. Bb3 Re2 38. Kf1 Re4 39. Rf3 Kd8
40. a4 Ke7 41. Kf2 Nc4 42. f5 gxf5 43. Rxf5 Nd6 44. Rc5 Rxe6 45. Rc7+ Kd8 46.
Bxe6 Kxc7 47. Ke3 Nb7 48. Bb3 Kd6 49. Kf4 Kc5 50. Kg4 Na5 51. Ba2 1-0

[Event "Mittelfr. Einzelmeisterschaft 2012"]
[Site "Weißenburg"]
[Date "2012.04.02"]
[Round "2.3"]
[White "Beck, Karl"]
[Black "Vogt, Peter"]
[Result "1/2-1/2"]
[WhiteElo "2012"]
[BlackElo "1910"]
[PlyCount "36"]
[EventDate "2012.??.??"]
[WhiteTeam "Markt Berolzheim SC"]
[BlackTeam "Schwanstetten SK"]

1. c4 c5 2. Nc3 Nf6 3. g3 e6 4. Bg2 Be7 5. Nf3 O-O 6. O-O d6 7. d4 cxd4 8. Nxd4
a6 9. h3 Qc7 10. Qd3 Bd7 11. Be3 Nc6 12. Nxc6 Bxc6 13. Rac1 Rac8 14. b3 Bxg2
15. Kxg2 Rfd8 16. Rfd1 Qa5 17. Na4 Rc6 18. Bd2 Qe5 1/2-1/2

[Event "Mittelfr. Einzelmeisterschaft 2012"]
[Site "Weißenburg"]
[Date "2012.04.02"]
[Round "2.4"]
[White "Koch, Walter"]
[Black "Kroneder, Christian"]
[Result "0-1"]
[WhiteElo "1839"]
[BlackElo "2149"]
[PlyCount "28"]
[EventDate "2012.??.??"]
[WhiteTeam "Cadolzburg TSV"]
[BlackTeam "Schwanstetten SK"]

1. g3 Nf6 2. c4 c6 3. Bg2 d5 4. cxd5 cxd5 5. d4 Nc6 6. Nc3 Bg4 7. Nf3 Qb6 8.
O-O e6 9. e3 Be7 10. a3 O-O 11. b4 Rac8 12. Na4 Qd8 13. Qb3 Bf5 14. Nd2 Nxd4
0-1

[Event "Mittelfr. Einzelmeisterschaft 2012"]
[Site "Weißenburg"]
[Date "2012.04.02"]
[Round "2.5"]
[White "Bildt, Thomas"]
[Black "Korth, Manfred"]
[Result "1-0"]
[WhiteElo "1994"]
[BlackElo "1734"]
[PlyCount "47"]
[EventDate "2012.??.??"]
[WhiteTeam "Zirndorf SK"]
[BlackTeam "Heideck-Hilpoltstein SC"]

1. e4 d6 2. d4 Nf6 3. f3 c6 4. Bc4 b5 5. Bb3 Nbd7 6. Be3 Bb7 7. Ne2 Qc7 8. O-O
g6 9. Qd2 h6 10. c4 Rc8 11. Na3 a6 12. Rac1 Qb8 13. Rc2 Bg7 14. Rfc1 g5 15. Ng3
e6 16. d5 cxd5 17. exd5 bxc4 18. Nxc4 Ke7 19. Re1 Ne8 20. dxe6 fxe6 21. Nf5+
Kf6 22. Ncxd6 Rd8 23. Bxg5+ Kg6 24. Ne7+ 1-0

[Event "Mittelfr. Einzelmeisterschaft 2012"]
[Site "Weißenburg"]
[Date "2012.04.02"]
[Round "2.6"]
[White "Merz, Andreas"]
[Black "Link, Andreas"]
[Result "0-1"]
[WhiteElo "1804"]
[BlackElo "1968"]
[PlyCount "49"]
[EventDate "2012.??.??"]
[WhiteTeam "Treuchtlingen SC"]
[BlackTeam "Nürnberg Zabo Spvg"]

1. e4 c5 2. Nf3 d6 3. d4 cxd4 4. Nxd4 Nf6 5. Nc3 g6 6. Be2 Bg7 7. Be3 O-O 8.
O-O Nc6 9. Nb3 Be6 10. f4 a6 11. g4 b5 12. a3 Bxb3 13. cxb3 Nd7 14. Bf3 Rc8 15.
Qd2 Nc5 16. Bxc5 dxc5 17. Qxd8 Rfxd8 18. e5 g5 19. Bxc6 Rxc6 20. Rad1 Re8 21.
fxg5 Bxe5 22. Rd7 Rd6 23. Ra7 c4 24. bxc4 Bd4+ 25. Kg2 0-1

[Event "Mittelfr. Einzelmeisterschaft 2012"]
[Site "Weißenburg"]
[Date "2012.04.02"]
[Round "2.7"]
[White "Hein, Manfred"]
[Black "Hummel, Hannes"]
[Result "1-0"]
[WhiteElo "2087"]
[BlackElo "1200"]
[PlyCount "41"]
[EventDate "2012.??.??"]
[WhiteTeam "Gunzenhausen FC"]
[BlackTeam "Bad Windsheim SC"]

1. e4 e5 2. Nf3 Nc6 3. Bb5 Nf6 4. Nc3 Bb4 5. d3 d6 6. h3 O-O 7. Bd2 Bd7 8. O-O
Qe7 9. a3 a6 10. Bxc6 Bxc6 11. axb4 Rfe8 12. Nh2 g6 13. Bg5 a5 14. Ng4 axb4 15.
Nxf6+ Kf8 16. Nxh7+ Kg7 17. Bxe7 Rxe7 18. Rxa8 Kxh7 19. Qg4 Bd7 20. Qh4+ Kg7
21. Qh8# 1-0

[Event "Mittelfr. Einzelmeisterschaft 2012"]
[Site "Weißenburg"]
[Date "2012.04.02"]
[Round "2.8"]
[White "Babichev, Vyacheslav"]
[Black "Wittmann, Helmut"]
[Result "0-1"]
[WhiteElo "1765"]
[BlackElo "2087"]
[PlyCount "72"]
[EventDate "2012.??.??"]
[WhiteTeam "Nürnberg Süd SW"]
[BlackTeam "Erlangen BSGW"]

1. b3 e5 2. Bb2 Nc6 3. e3 Nf6 4. Bb5 d6 5. c4 a6 6. Ba4 g6 7. Nf3 Bg7 8. h3 O-O
9. d3 Nb4 10. a3 Nxd3+ 11. Qxd3 e4 12. Qe2 exf3 13. Qxf3 Bf5 14. Qe2 Ne4 15.
Bxg7 Kxg7 16. Qb2+ Kg8 17. Nd2 Nc5 18. O-O Rb8 19. e4 Bc8 20. Qc2 b5 21. cxb5
axb5 22. Bxb5 Rxb5 23. Qc4 Rb8 24. Rfb1 Bxh3 25. Qc3 Qg5 26. Qxh3 Qxd2 27. Rd1
Qc2 28. f3 Rxb3 29. Qh6 Rb2 30. Qh3 Nb3 31. a4 Nxa1 32. Rxa1 Qf2+ 33. Kh2 Rfb8
34. a5 R8b5 35. Qc8+ Kg7 36. Kh3 Qxg2+ 0-1

[Event "Mittelfr. Einzelmeisterschaft 2012"]
[Site "Weißenburg"]
[Date "2012.04.02"]
[Round "2.9"]
[White "Hertlein, Stefan"]
[Black "Gajewski, Richard"]
[Result "0-1"]
[WhiteElo "1663"]
[BlackElo "1730"]
[PlyCount "112"]
[EventDate "2012.??.??"]
[WhiteTeam "Treuchtlingen SC"]
[BlackTeam "Gunzenhausen FC"]

1. d4 e6 2. e3 b6 3. c4 Bb7 4. Nf3 f5 5. Be2 Nf6 6. Nc3 Bd6 7. O-O O-O 8. d5
Qe7 9. Qc2 Na6 10. a3 Nc5 11. b4 Nce4 12. dxe6 dxe6 13. Bb2 Ng4 14. h3 Ngxf2
15. Rxf2 Nxf2 16. Kxf2 Bxf3 17. Bxf3 Qh4+ 18. Kg1 Rad8 19. Nb5 Bg3 20. Nxa7 g5
21. Qc3 e5 22. Nc6 Rde8 23. Bd5+ Kg7 24. e4 g4 25. Qe3 gxh3 26. gxh3 Qxh3 27.
Bxe5+ Rxe5 28. Nxe5 Bh2+ 29. Kf2 fxe4+ 30. Ke2 Qg2+ 31. Kd1 Rf1+ 32. Qe1 Rxe1+
33. Kxe1 Qg1+ 34. Ke2 Qxa1 35. Ng4 Bd6 36. Ke3 Qxa3+ 37. Kxe4 Qxb4 38. Ne3 b5
39. Kd3 bxc4+ 40. Bxc4 h5 41. Nd5 Qb1+ 42. Kd4 h4 43. Nc3 Qb2 44. Bd5 Be5+ 45.
Kxe5 Qxc3+ 46. Ke6 h3 47. Kd7 h2 48. Bc6 Qe5 49. Kc8 Qd6 50. Bb7 Kf8 51. Kb8
c5+ 52. Ka7 c4 53. Bh1 c3 54. Be4 Qe7+ 55. Bb7 h1=Q 56. Ka6 Qhxb7+ 0-1

[Event "Mittelfr. Einzelmeisterschaft 2012"]
[Site "Weißenburg"]
[Date "2012.04.02"]
[Round "2.10"]
[White "Andersen, Ernst"]
[Black "Schuster, Alfred"]
[Result "1-0"]
[WhiteElo "1530"]
[BlackElo "1636"]
[PlyCount "113"]
[EventDate "2012.??.??"]
[WhiteTeam "Roth PV"]
[BlackTeam "Treuchtlingen SC"]

1. e4 e5 2. Nf3 Nc6 3. Bb5 a6 4. Ba4 Nf6 5. O-O Bc5 6. d3 d6 7. c3 O-O 8. Bg5
Bg4 9. h3 Bh5 10. Nbd2 h6 11. Bh4 Ne7 12. g4 Bg6 13. b4 Bb6 14. Bc2 Qd7 15. Nh2
Nh7 16. Ndf3 h5 17. Qd2 hxg4 18. hxg4 f6 19. Kh1 Bf7 20. d4 Ng6 21. Bg3 Be6 22.
Bb3 Bxb3 23. axb3 exd4 24. cxd4 Rfe8 25. Rae1 Qb5 26. Qc3 a5 27. e5 axb4 28.
Qc4+ Qxc4 29. bxc4 fxe5 30. dxe5 dxe5 31. Nxe5 Nxe5 32. Bxe5 c5 33. f4 Nf6 34.
g5 Nd7 35. Bd6 Kf7 36. Nf3 Re6 37. Rd1 Ke8 38. f5 Re4 39. Rfe1 Rxe1+ 40. Rxe1+
Kd8 41. Rd1 Ra3 42. Kg2 Bc7 43. Bxc5 Ra2+ 44. Kh3 b3 45. Bd4 Ke8 46. Bxg7 Rf2
47. Kg4 Nb6 48. Rb1 Kf7 49. Bd4 Rg2+ 50. Kh5 Rg3 51. g6+ Kg8 52. Rxb3 Nxc4 53.
Rc3 b5 54. Ng5 Rg1 55. f6 Rb1 56. f7+ Kf8 57. g7+ 1-0